La discographie de Jennie - Statistiques

Statistiques générales
  • Ce quiz a été pris 71 fois
  • Le résultat moyen est 15 sur 23
Statistiques - réponses
Réponse % Correct
Like Jennie
95%
Solo
89%
Spot !
84%
ExtraL (feat Doechii)
82%
Love Hangover (feat Dominic Fike)
82%
Zen
82%
Mantra
81%
Seoul City
79%
Twin
79%
One Of The Girls
75%
Handlebars (Feat Dua Lipa)
72%
You & Me
67%
Filter
65%
Start A War
65%
With The IE (Way Up)
65%
Starlight
63%
F.T.S
60%
Damn Right (feat Childish Gambino, Kali Uchis)
56%
Slow Motion
42%
Black
40%
Intro : Jane With FKJ
39%
Special
32%
GG Be
21%
Aucun quiz correspondant
Distribution des résultats
% des personnes avec chaque résultat
Percentile par nombre de réponses
Votre historique - résultats
Vous n’avez pas pris ce quiz